| 000 | 00606nam a2200181 i 4500 | ||
|---|---|---|---|
| 001 | 19622 | ||
| 003 | ES-MaACL | ||
| 005 | 20250827022411.0 | ||
| 007 | t| | ||
| 008 | 021004s1973 sp ||||1| spa d | ||
| 100 | 1 |
_aAbellan, Carmelo, _918058 |
|
| 245 | 1 | 0 |
_aPersonal de las corporaciones locales _b: (su estatuto jurídico) / _cCarmelo Abellán. |
| 260 |
_aMadrid : _bInstituto de Estudios de Administración Local, _c1973. |
||
| 300 |
_a462 p. ; _c21 cm. |
||
| 710 | 2 |
_aInstituto de Estudios de Administración Local (España) _94893 |
|
| 852 |
_aES-MaACL _jC-52067 _bR.85209 |
||
| 999 |
_c19622 _d19622 |
||